Proceedings of the 26th European Conference on Knowledge Management VOL 1

Gespeichert in:
Bibliographische Detailangaben
Körperschaft: European Conference on Knowledge Management
Format: Buch
Sprache:Englisch
Veröffentlicht: Reading Academic Conferences and Publishing International Limited 2025
Ausgabe:1st Edition
Schlagworte:
Tags: Tag hinzufügen
Keine Tags, Fügen Sie das erste Tag hinzu!

MARC

LEADER 00000nlm a2200000 4500
001 0312040
005 20250903121656.5
022 |a 2048-8971 
041 0 |a eng 
044 |a GB 
245 1 0 |a Proceedings of the 26th European Conference on Knowledge Management  |b VOL 1 
250 |a 1st Edition 
264 1 |a Reading  |b Academic Conferences and Publishing International Limited  |c 2025 
300 |a 1364 s. 
610 2 0 |a manažment znalostný 
610 2 0 |a kreativita 
610 2 0 |a myslenie kritické 
610 2 0 |a kapitál intelektuálny 
110 2 |a European Conference on Knowledge Management